| 000 | 00500nam a2200169 4500 | ||
|---|---|---|---|
| 003 | SEACOMEC | ||
| 005 | 20241207124545.0 | ||
| 008 | 240309b |||||||| |||| 00| 0 eng d | ||
| 020 |
_cRs.325.00 _a8120313801 |
||
| 040 | _aSEACOMEC | ||
| 082 |
_a005.43 _bS617 |
||
| 100 | _aSihna,Pranab K. | ||
| 245 | 1 |
_aDistributed operating systems : concerts and design / _cPranab K. Sinha |
|
| 260 |
_aNew Delhi _bPrentice Hall _c2005 |
||
| 650 | _aComputer science,*Systems programming and programs | ||
| 942 | _cBOOK | ||
| 999 |
_c746 _d746 |
||